| 000 | 00569nam a2200205 i 4500 | ||
|---|---|---|---|
| 001 | 133675 | ||
| 003 | ES-MaACL | ||
| 005 | 20230906194509.0 | ||
| 007 | t| | ||
| 008 | 070824s1983 fr ||||1| fre d | ||
| 020 | _a2-86541-043-9 | ||
| 080 | _a323.13(=411.16 | ||
| 100 | 1 |
_aGaraudy, Roger. _953935 |
|
| 245 | 1 | 2 |
_aL'affaire Israël / _cRoger Garaudy. |
| 260 |
_aParis : _bS.P.A.G : _bPapyrus, _c[1983] |
||
| 300 |
_a201 p. ; _c21 cm. |
||
| 500 | _aBiblioteca Jacinto Martínez Lacalle. | ||
| 650 | 1 | 4 |
_aSionismo. _917129 |
| 852 |
_aES-MaACL _jE-12024 _bR.139946 |
||
| 999 |
_c133675 _d133675 |
||